000 00219 a2200097 4500
001 1108
100 _aPerrine,J.O
245 _aPhysics and maths in electrical communication
260 _a
_bRider
_c
090 _c672
_d672
942 _aNUST-CAE
_cM
_c33289
999 _c236181
_d236181